000 00291nam a2200121 a 4500
005 20141022142007.0
008 100914s19uu xx 00 eng d
050 _aACD
_bBl59 2002
100 _aBlanchard, Ken
245 _aLead like Jesus.
260 _bMagna Vision,
_c2002.
942 _cAVM
999 _c276556
_d276556